04759nam a2200697 a 4500003000400000005001700004007000300021008004100024020001800065040002500083041000800108082002400116245012900140246010700269260003600376300003600412505002100448505008300469505005100552505007200603505011600675505011500791505006500906505009200971505007301063505006601136505008001202505009701282505010401379505005001483505005601533505007601589505007401665505013101739505008501870505007301955505010402028505007402132505005202206505007602258505006702334505008102401505008002482505008202562505004302644505009402687505010602781505008802887505009502975505011003070505007503180505009203255700008003347700004803427942001403475952013603489952014103625952013703766952014103903999001704044OSt20240305130808.0ta180516e2017 dr ac er 001 p spa d a9789945484267 aDO-SdBNPbspacBNPHU hspa aBNPHU- xxxxbA634po 0aAntología poética II. /cIsabel Florentino, compilación y cuidado de la edición ; Domingo Guzmán , diagramación.04aAntología poética I :bVI semana internacional de la poesía. homenaje de la poesía sorprendida aSanto Domingo :bBúho ,c2017 a236 pg.bil. retratos ;c22 cm.0 aPresentación.-0 aJuan Freddy Armando :tNociones preliminares sobre el beso.- Cristo sin vuelo.0 aVictor Bidó :tBeso.- 21 de marzo.- respiro.0 aRolando Bodden :tRiesgo.- voces de revelo.- ansias tecnológicas.0 aJosé Ángel Bratini :tUna balada por el pecho.- Balada de los ojos. .- balada de la virtud de tener dedos. 0 aGénesis Bravo :tNinguno contenido I, II.- primera versión de la ciudad. .-segunda versión de la ciudad.0 aGesmalin Bravo :tMírame.- Tú.- a qué me sabe la vida.0 aNiurkarys Brito :tNuestras vidas sin sentido.- amárrame a tus pies.- tiempo intacto.0 aFernando Cabrera :tYo el de la isla.- hiere.- entra, mas no calles.0 aLuis Carvajal :tAmo tus sonidos.- las ciguapas y la ciguapa.0 aJesús Cordero :tV.- la puerta no guarda secretos.- para eso es el mundo.0 aOrlando Cordero : tHuésped en las casas reales.- río abajo me contemplo.- ciudad poema.0 aJosé Enrique Delmonte :tCuando el frío se desvanece.- el universo muere dos veces.- la mirada.0 aDenisse Español :tPuerta.- silla.- cuerpo.0 aNatacha Féliz :tEstrellas.- desalojo.- aturdida.0 aRafael Nino Féliz :tÁfrica en mi piel.- portobelo.- la lluvia cae.0 aYsabel Florentino :t¿Por quién grita la memoria?.- acertijo XVII.0 aManuel García Cartagena :tLa batalla de la poesía contra la mierda.- nos lo pusieron en chino.- monólogo del figurante.0 aJuan Hernández Inirio :tFranca Luz.- solo tu presencia.- dos mil diecisiete.-0 aArsenio Jiménez :tConexión.- recibir el aliento.- infortunio V.0 aVirgilio López Azuán :tObsesión con el tiempo.- los sapos y la noche II.- la otra Mona Liza.0 aManuel Llibre Otero : tResidencia en la poesía.- rosa en reverso. 0 aBenito Manuel :tVivian contracanto.- onirismo.0 aDarihanna Mesa :tA las niñas.- desde tu puerta I.-enterrar el río.0 aDarihel Mesa :tPrefiero recordar.- madre.- mi corazón roto.0 aRamón Mesa :tCansancio de mi sombra.- negación de la herida.- venganza.0 aOrlando Muñoz :tDi.- son palabras.- tras el tramo triste de la historia.0 aLeibi NG :tUróboto.- turgente, acuática.- firme.- del mar no quiero sal.0 aEnegildo Peña :tDentro de la noche.0 aCarmen Pérez ValeriotVastedad de la costumbre.- camino silencioso.- sendero de olvido.0 aDayrobel Ramírez Rossó :tRutina silenciosa.- en esta tierra tan grande.- crónica de un día. 0 aMarlex Rodríguez :tSi miraras hacia mí.- el otro lado.- de "hybris" poema XIV.0 aRamón Saba :tEfluvio del dormido.- mientras repaso mi boleto.- palidez de la distancia.0 aRaquel Salas Cuello :tTodo, nada, todo, nada ¡nunca fue!.- el este, mi este.- a Juana Inés de Asbaje.0 aNitín Troncoso :tComo equipaje.- mujer ciudad.-abril sin primavera.0 aJael Uribe :tLas manos de mi madre (parte II).- la guerra se lleva por dentro.- madre.1 aFlorentino, Ysabel,d1981-ecompilación y cuidado de la edición.943165 aGuzmán , Domingo,ediagramación.971128 2ddccLBS1 00102ddc718PDaBNPHUbPDcHDd2020-11-20eDonado por Despacho BNl0oBNPHU- xxxx A634pop2021-0024r2021-01-08w2021-01-08yLFPD 00102ddc718PDaBNPHUbPDcHDd2020-11-20eDonado por Despacho BNl0oBNPHU- xxxx A634pop2021-0025r2021-01-08te.2w2021-01-08yLFPD 00102ddc75aBNPHUbGRcHDd2020-11-20eDonado por Despacho BNl0oBNPHU- xxxx A634pop2021-0026r2021-01-08te.3w2021-01-08yLBS1 00102ddc758DSaBNPHUbGRcHDd2020-11-20eDonado por Despacho BNl0oBNPHU- xxxx A634pop2021-0027r2021-01-08te.4w2021-01-08yLFDS c46901d46901